Uncharted Waters : Non-Target Analysis of Disinfection by-products in Drinking Water.

Bibliographic Details
Main Author: Andersson, Anna.
Format: eBook
Language:English
Published: Linköping : Linkopings Universitet, 2021.
Edition:1st ed.
Series:Linköping Studies in Arts and Sciences Series
Subjects:
Online Access:Click to View
LEADER 01871nam a22003733i 4500
001 EBC6484555
003 MiAaPQ
005 20240729202203.0
006 m o d |
007 cr cnu||||||||
008 240729s2021 xx o ||||0 eng d
020 |a 9789179296940  |q (electronic bk.) 
035 |a (MiAaPQ)EBC6484555 
035 |a (Au-PeEL)EBL6484555 
035 |a (OCoLC)1239985196 
040 |a MiAaPQ  |b eng  |e rda  |e pn  |c MiAaPQ  |d MiAaPQ 
100 1 |a Andersson, Anna. 
245 1 0 |a Uncharted Waters :  |b Non-Target Analysis of Disinfection by-products in Drinking Water. 
250 |a 1st ed. 
264 1 |a Linköping :  |b Linkopings Universitet,  |c 2021. 
264 4 |c {copy}2021. 
300 |a 1 online resource (87 pages) 
336 |a text  |b txt  |2 rdacontent 
337 |a computer  |b c  |2 rdamedia 
338 |a online resource  |b cr  |2 rdacarrier 
490 1 |a Linköping Studies in Arts and Sciences Series ;  |v v.805 
505 0 |a Intro -- Abstract -- Sammanfattning -- List of papers -- Contribution to papers -- Abbreviations -- Acknowledgements -- Table of contents -- 1. Introduction -- 2. Research objectives -- 3. Background -- 4. Methodology -- 5. Results -- 6. Discussion -- 7. Conclusions and implications -- 8. References -- Appendix -- Papers. 
588 |a Description based on publisher supplied metadata and other sources. 
590 |a Electronic reproduction. Ann Arbor, Michigan : ProQuest Ebook Central, 2024. Available via World Wide Web. Access may be limited to ProQuest Ebook Central affiliated libraries.  
655 4 |a Electronic books. 
776 0 8 |i Print version:  |a Andersson, Anna  |t Uncharted Waters  |d Linköping : Linkopings Universitet,c2021 
797 2 |a ProQuest (Firm) 
830 0 |a Linköping Studies in Arts and Sciences Series 
856 4 0 |u https://ebookcentral.proquest.com/lib/matrademy/detail.action?docID=6484555  |z Click to View